00404cam a22001572 4500001001100000005001700011008004100028040001500069110002300084245004300107250001300150260003700163300001100200651003200211852000300243000001289520151217155853.0090331s xx 000 0 eng d aKABUcKABU2 aKenya.@000015021510aKenya :ba story of progress /cKenya. a1st ed. aNairobi :bGovt. Printer,c1955. a47 p. 0aKenyaxHistory.@00001487271